000 00641nam a2200217 i 4500
001 67958
003 ES-MaACL
005 20231228062650.0
007 t|
008 040216s1972 sp ||||1| spa d
080 _a914.642 T.
100 1 _aGamarra, Pablo.
_953744
245 1 0 _aAguafuertes toledanos /
_cPablo Gamarra ; prólogo del Dr. Marañón.
250 _a2ª ed.
260 _aToledo :
_b[s.n.],
_c1972 (
_fImp. Gómez Menor)
300 _aVIII, 149 p. :
_bil. ;
_c20 cm.
651 4 _aToledo-
_xDescripción.
_99441
700 1 _aMarañón, Gregorio,
_d1887-1960
_976311
852 4 _aES-MaACL
_jC-46913
999 _c67958
_d67958